| 000 | 00612cam a2200217 4500 | ||
|---|---|---|---|
| 005 | 20170316103729.0 | ||
| 008 | 160111b fr ||||| |||| 00| 0 fre d | ||
| 020 | _a2070404935 | ||
| 050 | 0 | 4 |
_aD16.16 _bC47 2002 |
| 100 | 1 | _aCerteau, Michel de | |
| 245 | 1 | 0 |
_aHistoire et psychanalyse entre science et fiction / _cMichel de Certeau |
| 250 | _a1a ed. | ||
| 260 |
_aFrancia : _bGallimard, _c2002. |
||
| 300 |
_a310 p. ; _c18 cm. |
||
| 490 |
_aFolio histoire _v116 |
||
| 500 | _a | ||
| 504 | _aIncluye índice | ||
| 650 | 7 |
_2LEMB _aHistoria _xAspectos psicológicos |
|
| 700 |
_a _e |
||
| 942 |
_2lcc _cLIB |
||
| 999 |
_c130463 _d130463 |
||